000
00249nam a2200097Ia 4500
001
683047
005
20250826161430.0
008
250824s9999 xx 000 0 und d
245
0
_a
MİNYELİ ABDULLAH
_c
HEKİMOĞLU İSMAİL
260
_b
TİMAŞ YAYINLARI
999
_c
683047
_d
683047